000 00958nam a22002537a 4500
005 20170124103049.0
010 _aA-698506
020 _c60.00
035 _aA-698506
037 _bCen Lib/Ret
040 _aDPL
_bHN
082 _a
_bयशपा
100 _aयशपाल
_96954
245 _aवो दुनिया /
_cयशपाल
246 _aVo duniya /
_bby Yashpal
260 _aइलाहाबाद
_bलोकभारती प्रकाशन
_c1993
270 _bइलाहाबाद
_a१५-ए, महात्मा गाँधी मार्ग
300 _a94पृ.
_c19सेमी (सजिल्द )
650 _aहिंदी साहित्य
_x
_z
_970235
650 _aहिंदी साहित्य
_v
_xकहानियां
_970236
650 _aHindi literature
_970237
650 _aHindi literature
_xstories
_970238
942 _2ddc
_cHN
_h
_mयशपा
999 _c117126
_d117126